Hiragana yō-on (contracted sounds) - Statistics

General Stats
  • This quiz has been taken 267 times
  • The average score is 25 of 36
Answer Stats
Hint Answer % Correct
ひゅ hyu
78%
にょ nyo
78%
きょ kyo
77%
みょ myo
77%
きゃ kya
76%
みゅ myu
76%
ちゃ cha
75%
ちょ cho
75%
ちゅ chu
75%
ひゃ hya
75%
きゅ kyu
75%
にゅ nyu
75%
しゃ sha
75%
しょ sho
75%
しゅ shu
75%
みゃ mya
73%
りゃ rya
73%
ひょ hyo
72%
にゃ nya
71%
りゅ ryu
71%
ぎゅ gyu
70%
じゅ ju
69%
ぴゃ pya
69%
りょ ryo
69%
びゃ bya
68%
ぎょ gyo
68%
ぎゃ gya
67%
びゅ byu
66%
ぴゅ pyu
65%
じゃ ja
64%
びょ byo
63%
じょ jo
63%
ぴょ pyo
63%
ぢゃ ja
59%
ぢょ jo
57%
ぢゅ ju
57%
No matching quizzes found
Score Distribution
Percent of People with Each Score
Percentile by Number Answered
Your Score History
You have not taken this quiz